[Event "I Open Ciutat de Sueca 2015"]
[Site "Sueca ESP"]
[Date "2015.07.29"]
[Round "3.27"]
[White "Dominguez Gandia, Jose Miguel"]
[Black "Soler Nadal, Jose Antonio"]
[Result "0-1"]
[WhiteElo "1521"]
[BlackElo "1806"]
[PlyCount "88"]
[EventDate "2015.07.27"]
[EventType "swiss"]
[EventRounds "8"]
[EventCountry "ESP"]
[SourceTitle "Ajedrez en Madrid"]
[Source "lmi"]
[SourceDate "2015.05.27"]

1. d4 d5 2. c4 e6 3. Nc3 Nf6 4. Bg5 Be7 5. f3 c5 6. e3 Nc6 7. cxd5 Nxd5 8. Bxe7
Qxe7 9. e4 Ne3 10. Qe2 Nxd4 11. Qf2 Nec2+ 12. Kd2 Nxa1 13. Bd3 Nab3+ 14. axb3
Nxb3+ 15. Kc2 Nd4+ 16. Kb1 O-O 17. Nge2 Rd8 18. Nxd4 Rxd4 19. Bc2 b5 20. Qg3
Ba6 21. e5 Qh4 22. Ne4 Qxg3 23. hxg3 h6 24. g4 b4 25. Nxc5 Bc4 26. g5 Rc8 27.
Nb7 Ba2+ 28. Kxa2 Rxc2 29. gxh6 gxh6 30. Nd6 Kg7 31. Kb3 Rxg2 32. Ra1 Rf4 33.
Ne8+ Kg6 34. Nd6 Rxf3+ 35. Kxb4 Rxb2+ 36. Kc5 Re2 37. Nc4 h5 38. Rxa7 h4 39.
Ra8 h3 40. Rh8 h2 41. Kd6 Rf1 42. Ne3 h1=Q 43. Rxh1 Rxh1 44. Nc4 Rd1+ 0-1

[Event "I Open Ciutat de Sueca 2015"]
[Site "Sueca ESP"]
[Date "2015.07.29"]
[Round "3.28"]
[White "Calabuig Ferrer, Jose"]
[Black "La Orden Garcia, Raquel"]
[Result "0-1"]
[WhiteElo "1420"]
[BlackElo "1540"]
[PlyCount "78"]
[EventDate "2015.07.27"]
[EventType "swiss"]
[EventRounds "8"]
[EventCountry "ESP"]
[SourceTitle "Ajedrez en Madrid"]
[Source "lmi"]
[SourceDate "2015.05.27"]

1. e4 c5 2. Nf3 Nc6 3. d4 cxd4 4. Nxd4 e5 5. Nf3 Bc5 6. Bc4 h6 7. Nc3 Nf6 8.
O-O O-O 9. Qe2 d6 10. h3 a6 11. a3 Qc7 12. Be3 Nd4 13. Bxd4 exd4 14. Nd5 Nxd5
15. Bxd5 Be6 16. Bb3 Rfe8 17. Rfe1 Re7 18. Qd3 Rae8 19. Rac1 b5 20. Nxd4 Qb6
21. Rcd1 Bc8 22. f3 Qc7 23. Kh1 Re5 24. Qc3 Rh5 25. Bd5 Qe7 26. Nf5 Qg5 27. Qd2
Qxd2 28. Rxd2 Rxf5 29. b4 Bb6 30. Bc6 Ree5 31. Rxd6 Bc7 32. Rdd1 Rf6 33. Bd5
Be6 34. Bb3 Bxb3 35. cxb3 Rc6 36. Rc1 Rxc1 37. Rxc1 Re7 38. Rc5 Bf4 39. Rd5 Rc7
0-1

[Event "I Open Ciutat de Sueca 2015"]
[Site "Sueca ESP"]
[Date "2015.07.29"]
[Round "3.30"]
[White "Albert Garrote, Amadeo"]
[Black "Jimenez Hernandez, Jose"]
[Result "1-0"]
[WhiteElo "1788"]
[BlackElo "1335"]
[PlyCount "54"]
[EventDate "2015.07.27"]
[EventType "swiss"]
[EventRounds "8"]
[EventCountry "ESP"]
[SourceTitle "Ajedrez en Madrid"]
[Source "lmi"]
[SourceDate "2015.05.27"]

1. d4 d5 2. Nf3 Nc6 3. Bf4 Nf6 4. e3 e6 5. c3 a6 6. Bd3 Bd6 7. Ne5 Qe7 8. Nd2
Bd7 9. O-O h6 10. b4 b5 11. a4 Na7 12. e4 g5 13. Bg3 h5 14. Nxd7 Qxd7 15. f3
Bxg3 16. hxg3 c6 17. Qe2 h4 18. g4 h3 19. Qe3 hxg2 20. Kxg2 Nh7 21. Rh1 f6 22.
exd5 cxd5 23. Bxh7 O-O-O 24. Bd3 Rh4 25. Rxh4 gxh4 26. axb5 Kc7 27. bxa6 Rc8
1-0

[Event "I Open Ciutat de Sueca 2015"]
[Site "Sueca ESP"]
[Date "2015.07.29"]
[Round "3.31"]
[White "Bartroli Tejada, Marc"]
[Black "Sancho Pascual, Emilio"]
[Result "0-1"]
[WhiteElo "1280"]
[BlackElo "1550"]
[PlyCount "66"]
[EventDate "2015.07.27"]
[EventType "swiss"]
[EventRounds "8"]
[EventCountry "ESP"]
[SourceTitle "Ajedrez en Madrid"]
[Source "lmi"]
[SourceDate "2015.05.27"]

1. d4 Nf6 2. Nc3 e6 3. Nf3 Bb4 4. e3 Bxc3+ 5. bxc3 c5 6. Bd3 O-O 7. O-O Nc6 8.
Ba3 Re8 9. Ne5 Nxe5 10. dxe5 Nd5 11. Qd2 Qa5 12. Bb2 b5 13. Be4 Bb7 14. Rab1
Qxa2 15. Ba1 a6 16. Qe2 c4 17. h3 Qa5 18. Qd2 Qc7 19. Qd4 d6 20. f4 dxe5 21.
fxe5 Rad8 22. Qd2 Nf6 23. Bxh7+ Nxh7 24. Qf2 Re7 25. Qh4 Rd2 26. Rf2 Rxf2 27.
Kxf2 Rd7 28. Qg3 Rd2+ 29. Ke1 Rxg2 30. Qf4 Rg1+ 31. Kf2 Rxb1 32. Qd4 Nf8 33.
Bb2 Qc6 0-1

[Event "I Open Ciutat de Sueca 2015"]
[Site "Sueca ESP"]
[Date "2015.07.29"]
[Round "3.32"]
[White "Porras Boronat, German"]
[Black "Castello Gadea, David"]
[Result "1-0"]
[WhiteElo "1402"]
[BlackElo "1218"]
[PlyCount "39"]
[EventDate "2015.07.27"]
[EventType "swiss"]
[EventRounds "8"]
[EventCountry "ESP"]
[SourceTitle "Ajedrez en Madrid"]
[Source "lmi"]
[SourceDate "2015.05.27"]

1. e4 g6 2. d4 Bg7 3. Nc3 f5 4. exf5 gxf5 5. Qh5+ Kf8 6. Qxf5+ Nf6 7. Be3 d6 8.
Qf3 Nc6 9. h3 d5 10. O-O-O Be6 11. Bd3 a6 12. g4 Ke8 13. g5 Ng8 14. Nge2 Qd7
15. Nf4 Rd8 16. Nxe6 Qxe6 17. Bf5 Qf7 18. Qg4 h6 19. Be6 h5 20. Bxf7+ 1-0

[Event "I Open Ciutat de Sueca 2015"]
[Site "Sueca ESP"]
[Date "2015.07.29"]
[Round "3.34"]
[White "Follana Albelda, Lucia"]
[Black "Linares Carrasquer, Jordi"]
[Result "0-1"]
[WhiteElo "1129"]
[BlackElo "1352"]
[PlyCount "130"]
[EventDate "2015.07.27"]
[EventType "swiss"]
[EventRounds "8"]
[EventCountry "ESP"]
[SourceTitle "Ajedrez en Madrid"]
[Source "lmi"]
[SourceDate "2015.05.27"]

1. e4 e6 2. d4 d5 3. exd5 exd5 4. Nf3 Bd6 5. Nc3 c6 6. Bd3 Ne7 7. O-O O-O 8. h3
Bf5 9. Bg5 f6 10. Be3 Nd7 11. Nh4 Bxd3 12. Qxd3 Nb6 13. b3 Qd7 14. Rfe1 Rfe8
15. Re2 Rac8 16. Rae1 a6 17. Qd2 Nf5 18. Nxf5 Qxf5 19. Qd3 Qxd3 20. cxd3 Nd7
21. g3 Kf7 22. Kg2 b5 23. h4 Nf8 24. a4 Ne6 25. axb5 axb5 26. Na2 Ke7 27. Bd2
Kd7 28. Nb4 Nxd4 29. Rxe8 Rxe8 30. Rxe8 Kxe8 31. Bc3 Bxb4 32. Bxd4 Kd7 33. Kf3
Kd6 34. Ke2 c5 35. Bb2 d4 36. Bc1 Kd5 37. Bf4 c4 38. bxc4+ bxc4 39. dxc4+ Kxc4
40. Bc1 d3+ 41. Kd1 Bc3 42. Ba3 Bd4 43. f3 Bf2 44. Bd6 Kd4 45. Bc7 Ke3 46. Bf4+
Kxf3 47. Kd2 Bxg3 48. Be3 Bf4 49. Bxf4 Kxf4 50. Kxd3 Kf3 51. Kd2 Kf2 52. Kd3 f5
53. Kd4 f4 54. Ke4 f3 55. Kd3 Kg2 56. h5 f2 57. h6 f1=Q+ 58. Kd4 gxh6 59. Ke4
Qb5 60. Kf4 Qd5 61. Ke3 Qc4 62. Kd2 Qb3 63. Ke1 Qb2 64. Kd1 Kf3 65. Ke1 Qe2#
0-1

[Event "I Open Ciutat de Sueca 2015"]
[Site "Sueca ESP"]
[Date "2015.07.30"]
[Round "4.1"]
[White "Valmana Canto, Jaime"]
[Black "Cruz Lledo, Pablo"]
[Result "1/2-1/2"]
[WhiteElo "2416"]
[BlackElo "2299"]
[PlyCount "132"]
[EventDate "2015.07.27"]
[EventType "swiss"]
[EventRounds "8"]
[EventCountry "ESP"]
[SourceTitle "Ajedrez en Madrid"]
[Source "lmi"]
[SourceDate "2015.05.27"]

1. b3 d5 2. e3 Nf6 3. Bb2 g6 4. c4 dxc4 5. bxc4 Bg7 6. Nf3 O-O 7. Be2 c5 8. O-O
Nc6 9. d3 Bg4 10. h3 Bxf3 11. Bxf3 Qd7 12. Nc3 Rad8 13. Be2 Nb4 14. Qb3 Qc8 15.
Rad1 Nc6 16. Nb5 Rfe8 17. Bf3 e5 18. Bxc6 bxc6 19. Nc3 e4 20. Na4 exd3 21. Bxf6
Bxf6 22. Rxd3 Rxd3 23. Qxd3 Rd8 24. Qb3 Rd2 25. Nxc5 Qf5 26. Qb8+ Kg7 27. Qxa7
Bh4 28. g3 Qxh3 29. Ne4 Rd7 30. Qb8 Be7 31. Qb2+ f6 32. c5 Qe6 33. Qc2 f5 34.
Nd2 h5 35. Nf3 Qd5 36. Nd4 h4 37. gxh4 Bxh4 38. Qb3 Bf6 39. Qxd5 Rxd5 40. Nb3
Bb2 41. Re1 Ba3 42. Re2 Kf6 43. Rc2 Ke5 44. Rc4 g5 45. Kg2 f4 46. e4 Rd1 47. f3
Rb1 48. Rc2 Bb4 49. Rc4 Be1 50. Kh3 Rb2 51. Nc1 Rd2 52. Nb3 Rxa2 53. Rd4 Bf2
54. Rd8 Bg1 55. Kg4 Rg2+ 56. Kh5 Rg3 57. Kg6 Ke6 58. Rd6+ Ke7 59. e5 g4 60. Na5
gxf3+ 61. Kf5 Bxc5 62. Nxc6+ Kf8 63. Rf6+ Kg7 64. Kxf4 Rg6 65. Rxg6+ Kxg6 66.
Kxf3 Kf5 1/2-1/2

[Event "I Open Ciutat de Sueca 2015"]
[Site "Sueca ESP"]
[Date "2015.07.30"]
[Round "4.2"]
[White "Galvan, Jesus"]
[Black "Garcia, Jhoel"]
[Result "0-1"]
[WhiteElo "2216"]
[BlackElo "2336"]
[PlyCount "52"]
[EventDate "2015.07.27"]
[EventType "swiss"]
[EventRounds "8"]
[EventCountry "ESP"]
[SourceTitle "Ajedrez en Madrid"]
[Source "lmi"]
[SourceDate "2015.05.27"]

1. d4 d5 2. c4 c6 3. Nc3 Nf6 4. Nf3 e6 5. Bg5 Nbd7 6. e3 Be7 7. cxd5 Nxd5 8.
Bxe7 Qxe7 9. Rc1 O-O 10. Bd3 Nxc3 11. Rxc3 e5 12. Qb1 exd4 13. Nxd4 Nf6 14. O-O
Rd8 15. Nf5 Qe5 16. f4 Qe8 17. Re1 Bxf5 18. Bxf5 Rd2 19. h3 Rad8 20. e4 g6 21.
Bg4 Nxg4 22. hxg4 Qd7 23. Rg3 Qd4+ 24. Kh2 Qf6 25. e5 Qh4+ 26. Rh3 Rxg2+ 0-1

[Event "I Open Ciutat de Sueca 2015"]
[Site "Sueca ESP"]
[Date "2015.07.30"]
[Round "4.3"]
[White "Mataix Arbona, Cesar"]
[Black "Garcia Fernandez, Carlos"]
[Result "0-1"]
[WhiteElo "2064"]
[BlackElo "2312"]
[PlyCount "114"]
[EventDate "2015.07.27"]
[EventType "swiss"]
[EventRounds "8"]
[EventCountry "ESP"]
[SourceTitle "Ajedrez en Madrid"]
[Source "lmi"]
[SourceDate "2015.05.27"]

1. d4 d6 2. Nf3 Nd7 3. b3 c5 4. dxc5 Nxc5 5. Bb2 e6 6. e3 a6 7. Be2 Nf6 8. O-O
Be7 9. Nc3 Qc7 10. a4 b6 11. Nd2 Bb7 12. Bf3 d5 13. Re1 Rd8 14. Ne2 O-O 15. g3
e5 16. Bg2 Rfe8 17. Nf3 Bf8 18. Qc1 Rc8 19. Rd1 Qb8 20. Qb1 g6 21. Ra2 Bg7 22.
Qa1 Ncd7 23. Ne1 h5 24. h3 Rc7 25. Rd2 Nc5 26. Rd1 Nfe4 27. Qb1 Qc8 28. Ba1 Qf5
29. Nf3 Ne6 30. Rf1 N6g5 31. Nxg5 Nxg5 32. Kh2 Nf3+ 33. Bxf3 Qxf3 34. Ng1 Qf5
35. c3 Qe6 36. Qd3 Rec8 37. Rc2 b5 38. axb5 axb5 39. Rfc1 Ba6 40. Qd2 Qc6 41.
Rd1 d4 42. exd4 exd4 43. c4 bxc4 44. bxc4 Bb7 45. f3 Rd7 46. Qf4 d3 47. Bxg7
Kxg7 48. Rc3 Rcd8 49. Qe3 d2 50. h4 Qa4 51. Qe2 Bc6 52. Nh3 Rd6 53. Nf4 Re8 54.
Qf1 Qa2 55. Rd3 Re1 56. Rc3 Re8 57. Nd3 Re1 0-1

[Event "I Open Ciutat de Sueca 2015"]
[Site "Sueca ESP"]
[Date "2015.07.30"]
[Round "4.4"]
[White "Montoliu Cervero, Francisco"]
[Black "Crecente Penalba, Jose Manuel"]
[Result "1-0"]
[WhiteElo "2335"]
[BlackElo "2153"]
[PlyCount "193"]
[EventDate "2015.07.27"]
[EventType "swiss"]
[EventRounds "8"]
[EventCountry "ESP"]
[SourceTitle "Ajedrez en Madrid"]
[Source "lmi"]
[SourceDate "2015.05.27"]

1. e4 c5 2. Nf3 Nc6 3. d4 cxd4 4. Nxd4 g6 5. c4 Bg7 6. Be3 Nf6 7. Nc3 d6 8. f3
O-O 9. Qd2 Bd7 10. Nc2 Rc8 11. Rc1 a6 12. Be2 Ne5 13. b3 Bc6 14. O-O Qc7 15.
Nb4 Qb8 16. Rfd1 h5 17. Rc2 Kh7 18. Kh1 Rh8 19. Nxc6 Rxc6 20. Rdc1 Rhc8 21. Nd5
Nxd5 22. exd5 R6c7 23. Bb6 Bh6 24. f4 Rd7 25. h3 Rdd8 26. Bxd8 Rxd8 27. Qd4 Nd7
28. Re1 Bg7 29. Qe3 Re8 30. Bf3 Qc7 31. Rce2 a5 32. Qd3 Nc5 33. Qc2 h4 34. Rf2
Bd4 35. Rd2 Bf6 36. Bd1 Rc8 37. Rf2 Qb6 38. f5 Kg7 39. fxg6 fxg6 40. Bg4 Rf8
41. Ree2 Qb4 42. Rf3 b5 43. g3 bxc4 44. bxc4 Qa4 45. Qxa4 Nxa4 46. gxh4 Nc3 47.
Rc2 Ne4 48. Ra3 Bxh4 49. Rxa5 Rf1+ 50. Kg2 Ra1 51. Kf3 Nc5 52. Ra8 Kf6 53. Re2
Kg7 54. Rc2 Kf6 55. Rh8 Bg5 56. h4 Kg7 57. Ra8 Bxh4 58. Rh2 Bg5 59. Rc2 Nd3 60.
Ke2 Nc5 61. Bc8 Kf6 62. Ba6 Kg7 63. Bb5 Rh1 64. Kf3 Rf1+ 65. Kg2 Ra1 66. a4 Nb3
67. Rb2 Ra3 68. Be8 Bf6 69. Rc2 g5 70. Bd7 Bd4 71. Re2 Be5 72. Re3 Ra2+ 73. Kh3
Rh2+ 74. Kg4 Rg2+ 75. Kf3 Rg3+ 76. Kf2 Rxe3 77. Kxe3 Bc3 78. Kd3 Be1 79. Kc2
Na5 80. Kd3 Nb7 81. Ke2 Bc3 82. Kf3 Kf6 83. Rg8 Bd2 84. Bc6 Na5 85. Ke2 Bb4 86.
Rb8 Bc3 87. Kd3 Be1 88. Rb1 Bg3 89. Kc3 Bf4 90. Rd1 Be3 91. Kb4 Bb6 92. Kb5 Bd8
93. Rf1+ Kg7 94. Rf5 Nb3 95. Rxg5+ Kf7 96. Rg3 Na5 97. Bd7 1-0

[Event "I Open Ciutat de Sueca 2015"]
[Site "Sueca ESP"]
[Date "2015.07.30"]
[Round "4.5"]
[White "Diaz Velandia, Jose Manuel"]
[Black "Vicente Sanz, Andres"]
[Result "1-0"]
[WhiteElo "2315"]
[BlackElo "1929"]
[PlyCount "97"]
[EventDate "2015.07.27"]
[EventType "swiss"]
[EventRounds "8"]
[EventCountry "ESP"]
[SourceTitle "Ajedrez en Madrid"]
[Source "lmi"]
[SourceDate "2015.05.27"]

1. d4 d5 2. Nf3 c6 3. e3 Nf6 4. Bd3 Bg4 5. c4 e6 6. Qb3 Qb6 7. Ne5 Qxb3 8. axb3
Bf5 9. Bxf5 exf5 10. Nc3 Bb4 11. Bd2 Bxc3 12. bxc3 O-O 13. cxd5 Nxd5 14. c4 Nf6
15. Ra5 g6 16. Ke2 Nbd7 17. Rha1 a6 18. Nd3 Rfe8 19. Bb4 Rac8 20. Bd6 Ne4 21.
Bg3 Nxg3+ 22. hxg3 Re4 23. Kd2 h5 24. Re1 Kg7 25. f3 Re7 26. e4 fxe4 27. fxe4
Rce8 28. Nf2 f6 29. Raa1 c5 30. d5 Ne5 31. Ra5 Rc8 32. Nd3 Nxd3 33. Kxd3 Kf7
34. e5 Rxe5 35. Rxe5 fxe5 36. Ke4 Kf6 37. Ra1 Re8 38. Rf1+ Kg5 39. d6 Kg4 40.
Rf3 Kg5 41. d7 Rd8 42. Rf7 Kg4 43. Rg7 g5 44. Kxe5 b5 45. Kf6 Kxg3 46. Rxg5+
Kf4 47. Rg7 bxc4 48. bxc4 a5 49. Ke7 1-0

[Event "I Open Ciutat de Sueca 2015"]
[Site "Sueca ESP"]
[Date "2015.07.30"]
[Round "4.6"]
[White "Ortega Gadea, Santiago"]
[Black "Montalban Galvez, Antoni"]
[Result "0-1"]
[WhiteElo "2044"]
[BlackElo "2186"]
[PlyCount "62"]
[EventDate "2015.07.27"]
[EventType "swiss"]
[EventRounds "8"]
[EventCountry "ESP"]
[SourceTitle "Ajedrez en Madrid"]
[Source "lmi"]
[SourceDate "2015.05.27"]

1. c4 Nf6 2. Nc3 g6 3. d4 d5 4. Bf4 Bg7 5. e3 O-O 6. Nf3 c5 7. Be2 Nc6 8. O-O
cxd4 9. exd4 Bg4 10. c5 Ne4 11. Ne5 Bxe2 12. Nxe2 Nxe5 13. Bxe5 Bxe5 14. dxe5
Nxc5 15. Rc1 Ne6 16. Qd2 d4 17. f4 f5 18. Rc4 Qd5 19. Rfc1 Rad8 20. b3 b5 21.
Rc6 d3 22. Ng3 Qd4+ 23. Qf2 Nxf4 24. Qxd4 Rxd4 25. Kf2 Nd5 26. Rd1 Nb4 27. Rc3
d2 28. a3 Nd3+ 29. Ke2 Rfd8 30. Rc2 Nc1+ 31. Ke3 f4+ 0-1

[Event "I Open Ciutat de Sueca 2015"]
[Site "Sueca ESP"]
[Date "2015.07.30"]
[Round "4.7"]
[White "Suba, Mihai"]
[Black "Cortes Marti, Javier"]
[Result "1-0"]
[WhiteElo "2322"]
[BlackElo "2081"]
[PlyCount "121"]
[EventDate "2015.07.27"]
[EventType "swiss"]
[EventRounds "8"]
[EventCountry "ESP"]
[SourceTitle "Ajedrez en Madrid"]
[Source "lmi"]
[SourceDate "2015.05.27"]

1. c4 Nf6 2. Nc3 e6 3. Nf3 b6 4. e4 Bb7 5. Bd3 d6 6. Bc2 e5 7. d4 Nbd7 8. O-O
Be7 9. Re1 O-O 10. b3 c5 11. dxe5 Nxe5 12. Bb2 Ng6 13. Qd2 Qc7 14. Rad1 Rad8
15. Qc1 Ng4 16. h3 N4e5 17. Nh2 a6 18. f4 Nd7 19. Ng4 h5 20. Nh2 Bh4 21. Rf1
Rfe8 22. Nf3 Bf6 23. Qd2 Ndf8 24. Nd5 Bxd5 25. Bxf6 gxf6 26. cxd5 Kg7 27. Nh2
Nd7 28. Rf2 c4 29. Nf1 cxb3 30. axb3 Rh8 31. Ne3 Ne7 32. Qe2 b5 33. Qf3 Rdg8
34. b4 a5 35. bxa5 Qxa5 36. e5 Qb6 37. Bf5 Nc5 38. exf6+ Kxf6 39. Bb1 Kg7 40.
Nc2 b4 41. Nd4 Ra8 42. Qg3+ Kf8 43. Qg5 Ra1 44. Re1 Qa7 45. Qf6 Rg8 46. Ne6+
Nxe6 47. dxe6 Rg7 48. exf7 Rxf7 49. Qxd6 Kg7 50. Qxb4 Nd5 51. Qb2+ Nf6 52. Re5
Rb7 53. Rg5+ Kf7 54. Qc2 Rbxb1+ 55. Kh2 Rh1+ 56. Kg3 Qe3+ 57. Kh4 Qe4 58. Qc7+
Qe7 59. Rg7+ Kxg7 60. Qxe7+ Kg6 61. f5+ 1-0

[Event "I Open Ciutat de Sueca 2015"]
[Site "Sueca ESP"]
[Date "2015.07.30"]
[Round "4.8"]
[White "La Orden Gil, Javier"]
[Black "Torres Sanchez, Jose"]
[Result "1-0"]
[WhiteElo "1967"]
[BlackElo "2286"]
[PlyCount "113"]
[EventDate "2015.07.27"]
[EventType "swiss"]
[EventRounds "8"]
[EventCountry "ESP"]
[SourceTitle "Ajedrez en Madrid"]
[Source "lmi"]
[SourceDate "2015.05.27"]

1. e4 Nf6 2. e5 Nd5 3. Nf3 d6 4. d4 dxe5 5. dxe5 Bf5 6. Bc4 e6 7. Qe2 Nb6 8.
Bb3 a5 9. a4 Bb4+ 10. c3 Be7 11. Nd4 Bg6 12. Nd2 Na6 13. N2f3 O-O 14. h4 Nc5
15. Bc2 Qd5 16. O-O c6 17. Bxg6 hxg6 18. Qc2 Rfd8 19. Re1 Qc4 20. b3 Qd3 21.
Qxd3 Nxd3 22. Rd1 Nxc1 23. Raxc1 Ba3 24. Rb1 Rd7 25. Kf1 Rad8 26. Ke1 Nd5 27.
Ne2 Nxc3 28. Rxd7 Rxd7 29. Nxc3 Bb4 30. Rc1 Rd3 31. Ke2 Rxc3 32. Rxc3 Bxc3 33.
Kd3 Bb4 34. Ng5 Kf8 35. Ne4 Be7 36. g3 Ke8 37. f3 Kd7 38. Kd4 Ba3 39. Kc4 Be7
40. Kd4 f5 41. Nf2 g5 42. h5 Ba3 43. Nd3 b6 44. g4 b5 45. Kc3 Kc7 46. Kd4 Kb6
47. Kc3 Bc5 48. Kd2 Bd4 49. Ke2 c5 50. axb5 Kxb5 51. f4 gxf4 52. g5 c4 53.
bxc4+ Kxc4 54. h6 gxh6 55. g6 f3+ 56. Kxf3 Kxd3 57. g7 1-0

[Event "I Open Ciutat de Sueca 2015"]
[Site "Sueca ESP"]
[Date "2015.07.30"]
[Round "4.9"]
[White "Fos Santacreu, Juan Andres"]
[Black "Gerona Maura, Jesus"]
[Result "1-0"]
[WhiteElo "2286"]
[BlackElo "1931"]
[PlyCount "63"]
[EventDate "2015.07.27"]
[EventType "swiss"]
[EventRounds "8"]
[EventCountry "ESP"]
[SourceTitle "Ajedrez en Madrid"]
[Source "lmi"]
[SourceDate "2015.05.27"]

1. d4 Nf6 2. c4 e6 3. Nc3 Bb4 4. Qc2 O-O 5. a3 Bxc3+ 6. Qxc3 Ne4 7. Qc2 f5 8.
Nf3 b6 9. g4 Nxf2 10. Kxf2 fxg4 11. h4 gxf3 12. e4 Nc6 13. Be3 d6 14. Bd3 e5
15. d5 Nd4 16. Bxd4 exd4 17. e5 dxe5 18. Bxh7+ Kh8 19. Rag1 Qf6 20. Be4 Qf4 21.
Rg5 Bg4 22. Qd3 Rad8 23. Rg6 Rd6 24. h5 Bf5 25. Bxf5 Rxf5 26. Re6 Rxe6 27. dxe6
Qg4 28. Ke1 Rf4 29. Qg6 f2+ 30. Kd2 f1=N+ 31. Rxf1 Qxg6 32. hxg6 1-0

[Event "I Open Ciutat de Sueca 2015"]
[Site "Sueca ESP"]
[Date "2015.07.30"]
[Round "4.10"]
[White "Martin Ayala, David"]
[Black "Uran Bermudez, Oliver Kevin"]
[Result "0-1"]
[WhiteElo "1956"]
[BlackElo "2216"]
[PlyCount "62"]
[EventDate "2015.07.27"]
[EventType "swiss"]
[EventRounds "8"]
[EventCountry "ESP"]
[SourceTitle "Ajedrez en Madrid"]
[Source "lmi"]
[SourceDate "2015.05.27"]

1. Nf3 c5 2. c3 Nf6 3. d4 e6 4. Bg5 Qb6 5. Qb3 Ne4 6. Be3 Qc7 7. Nbd2 Nxd2 8.
Bxd2 d5 9. g3 Nc6 10. Bg2 Bd6 11. O-O c4 12. Qc2 f5 13. b3 b5 14. bxc4 bxc4 15.
Nh4 O-O 16. f4 Bd7 17. Rab1 Rab8 18. Rxb8 Rxb8 19. Rb1 Rb6 20. Rxb6 axb6 21.
Nxf5 exf5 22. Bxd5+ Kh8 23. Bxc4 Ne7 24. Bb3 Bc6 25. d5 Bxd5 26. Be3 Bb7 27.
Bd4 Qc6 28. e4 Bc5 29. Qd2 Qxe4 30. Bxc5 Qh1+ 31. Kf2 Qxh2+ 0-1

[Event "I Open Ciutat de Sueca 2015"]
[Site "Sueca ESP"]
[Date "2015.07.30"]
[Round "4.11"]
[White "Alberola Mulet, Jairo"]
[Black "Sampedro Barrios, Pablo"]
[Result "1-0"]
[WhiteElo "2185"]
[BlackElo "1936"]
[PlyCount "72"]
[EventDate "2015.07.27"]
[EventType "swiss"]
[EventRounds "8"]
[EventCountry "ESP"]
[SourceTitle "Ajedrez en Madrid"]
[Source "lmi"]
[SourceDate "2015.05.27"]

1. g3 d5 2. Bg2 e5 3. d4 e4 4. c4 c6 5. Nc3 Be6 6. Qb3 Qd7 7. c5 Be7 8. h4 Bf6
9. Qa4 Ne7 10. Bf4 O-O 11. Bd6 Re8 12. Bxe7 Rxe7 13. Nh3 Na6 14. Nf4 Bg4 15. e3
Nc7 16. b4 a6 17. Qb3 Ne6 18. Nfxd5 cxd5 19. Nxd5 Rae8 20. O-O Nf8 21. Nxe7+
Rxe7 22. a4 Bf3 23. b5 Ng6 24. bxa6 bxa6 25. Rfc1 Re8 26. c6 Qg4 27. Bxf3 exf3
28. Qd5 Nxh4 29. Qd7 Qxd7 30. cxd7 Rd8 31. gxh4 Rxd7 32. Rc8+ Bd8 33. Kh2 Kf8
34. Kg3 f5 35. Kxf3 Kf7 36. h5 a5 1-0

[Event "I Open Ciutat de Sueca 2015"]
[Site "Sueca ESP"]
[Date "2015.07.30"]
[Round "4.12"]
[White "Bono Monreal, Alberto"]
[Black "Ferrer Berenguer, Ligorio"]
[Result "0-1"]
[WhiteElo "1891"]
[BlackElo "2056"]
[PlyCount "110"]
[EventDate "2015.07.27"]
[EventType "swiss"]
[EventRounds "8"]
[EventCountry "ESP"]
[SourceTitle "Ajedrez en Madrid"]
[Source "lmi"]
[SourceDate "2015.05.27"]

1. e4 c5 2. c3 e6 3. d4 d5 4. exd5 exd5 5. Nf3 Nc6 6. Bd3 cxd4 7. cxd4 Bd6 8.
O-O Nge7 9. h3 h6 10. Nc3 O-O 11. Qb3 a6 12. Kh1 Bc7 13. Re1 Qd6 14. Ne2 Ng6
15. Kg1 Bd7 16. Qc2 Nb4 17. Qb1 Nxd3 18. Qxd3 Rfe8 19. Be3 Qf6 20. Qb3 Bc6 21.
Rac1 Qd6 22. Qc2 Re6 23. Qd2 Kh7 24. h4 Nxh4 25. Qd3+ Kg8 26. Bf4 Nxf3+ 27.
Qxf3 Qe7 28. Bxc7 Qxc7 29. Qxd5 Bxd5 30. Rxc7 Rae8 31. Kf1 Bxa2 32. f3 b5 33.
Rc2 Bc4 34. b4 Kf8 35. Kf2 h5 36. Rd2 g5 37. d5 Rxe2+ 38. Rdxe2 Rxe2+ 39. Rxe2
Bxe2 40. Kxe2 Ke7 41. Ke3 Kd6 42. Ke4 g4 43. fxg4 hxg4 44. g3 f6 45. Kf4 Kxd5
46. Kxg4 a5 47. bxa5 b4 48. Kf5 b3 49. Kxf6 b2 50. g4 b1=Q 51. g5 Qf1+ 52. Kg7
Kd6 53. g6 Ke7 54. a6 Qf8+ 55. Kh7 Kf6 0-1

[Event "I Open Ciutat de Sueca 2015"]
[Site "Sueca ESP"]
[Date "2015.07.30"]
[Round "4.13"]
[White "Gomez Sanjuan, Hector Fernando"]
[Black "Folch Zaragoza, Jose"]
[Result "1-0"]
[WhiteElo "2032"]
[BlackElo "1856"]
[PlyCount "107"]
[EventDate "2015.07.27"]
[EventType "swiss"]
[EventRounds "8"]
[EventCountry "ESP"]
[SourceTitle "Ajedrez en Madrid"]
[Source "lmi"]
[SourceDate "2015.05.27"]

1. d4 Nf6 2. Nf3 d5 3. c4 e6 4. Nc3 Nc6 5. cxd5 exd5 6. Bg5 Be7 7. e3 Bg4 8. h3
Bh5 9. Be2 O-O 10. Bxf6 Bxf6 11. Qb3 Re8 12. O-O h6 13. Qxd5 Bg6 14. Qxd8 Raxd8
15. Bb5 a6 16. Bxc6 bxc6 17. Rac1 Rb8 18. b3 Be7 19. Ne5 Ba3 20. Rcd1 Bf5 21.
Nxc6 Rb6 22. Ne5 Bb2 23. Na4 Ba3 24. Nxb6 cxb6 25. Nc4 Bb4 26. Nxb6 Re6 27. Nd5
Bd6 28. Rc1 Rg6 29. g4 Be4 30. Nf4 Rf6 31. f3 Bb7 32. Nd3 h5 33. e4 Bg3 34. Nc5
Bc6 35. Kg2 Bf4 36. Nd3 Be3 37. d5 Bb5 38. Rfd1 hxg4 39. hxg4 g5 40. Rc8+ Kg7
41. a4 Bd7 42. Rd8 Rd6 43. Ne5 Kf6 44. Rxd7 Kxe5 45. Rxd6 Kxd6 46. b4 f6 47.
Kf1 Bf4 48. Ke2 Kc7 49. Kd3 Kb6 50. Kc4 Bd6 51. a5+ Kb7 52. b5 Ba3 53. d6 axb5+
54. Kxb5 1-0

[Event "I Open Ciutat de Sueca 2015"]
[Site "Sueca ESP"]
[Date "2015.07.30"]
[Round "4.14"]
[White "Bordes Ibanez, Juan"]
[Black "Rubio Tent, Pedro"]
[Result "1/2-1/2"]
[WhiteElo "1997"]
[BlackElo "1665"]
[PlyCount "85"]
[EventDate "2015.07.27"]
[EventType "swiss"]
[EventRounds "8"]
[EventCountry "ESP"]
[SourceTitle "Ajedrez en Madrid"]
[Source "lmi"]
[SourceDate "2015.05.27"]

1. d4 f5 2. Nf3 g6 3. c4 Nf6 4. Nc3 Bg7 5. g3 O-O 6. Bg2 d6 7. Qc2 c6 8. O-O
Qc7 9. Bf4 Nh5 10. d5 e5 11. dxe6 Bxe6 12. Ng5 Nxf4 13. gxf4 Bxc4 14. Nd5 Bxd5
15. Bxd5+ Kh8 16. Rfd1 Qe7 17. Bb3 d5 18. Rd3 Na6 19. Rh3 h6 20. e3 Kg8 21. Nf3
Nb4 22. Qd2 Qe4 23. Rg3 Kh7 24. a3 Na6 25. Ne5 Bxe5 26. f3 Bc3 27. Qxc3 Qe7 28.
Kf2 Rae8 29. Rag1 Rf6 30. Bc2 Qe6 31. h4 h5 32. b4 Nc7 33. a4 Re7 34. Rd1 Ne8
35. Rd4 Nd6 36. Bb3 Qd7 37. Rg1 Rfe6 38. Re1 Re8 39. Kg3 Qe7 40. Rd3 Qg7 41.
Qd2 Qe7 42. Qc3 Qg7 43. Qd2 1/2-1/2